|
|
|
|
| LEADER |
00000nam0a2200000 4500 |
| 001 |
360529 |
| 005 |
20231102011309.0 |
| 035 |
|
|
|a (RuTPU)RU\TPU\retro\17855
|
| 090 |
|
|
|a 360529
|
| 100 |
|
|
|a 20210413d1974 m y0rusy50 ca
|
| 101 |
0 |
|
|a rus
|
| 102 |
|
|
|a RU
|
| 105 |
|
|
|a a z 000zy
|
| 200 |
1 |
|
|a Солдаты порядка
|e очерки
|f сост. И. М. Чернов, Л. П. Ромиков, Е. В. Леваковская
|
| 210 |
|
|
|a Москва
|c Московский рабочий
|d 1974
|
| 215 |
|
|
|a 328 с.
|c ил.
|
| 606 |
1 |
|
|a Милиция в СССР
|2 stltpush
|3 (RuTPU)RU\TPU\subj\43885
|9 63326
|
| 610 |
1 |
|
|a правопорядок
|
| 610 |
1 |
|
|a правоохранительная деятельность
|
| 610 |
1 |
|
|a правоохранительная служба
|
| 610 |
1 |
|
|a правоохранительные органы
|
| 610 |
1 |
|
|a очерки
|
| 610 |
1 |
|
|a следственная работа
|
| 686 |
|
|
|a Х621.163.1
|v LBC/SL-A
|2 rubbk
|
| 702 |
|
1 |
|a Чернов
|b И. М.
|4 220
|
| 702 |
|
1 |
|a Ромиков
|b Л. П.
|4 220
|
| 702 |
|
1 |
|a Леваковская
|b Е. В.
|4 220
|
| 801 |
|
1 |
|a RU
|b 63413507
|c 20210413
|
| 801 |
|
2 |
|a RU
|b 63413507
|c 20210513
|g RCR
|
| 942 |
|
|
|c BK
|